Appreciative Inquiry: Research for Change (Record no. 21366)

MARC details
000 -LEADER
fixed length control field 00315nam a22001337a 4500
020 ## - INTERNATIONAL STANDARD BOOK NUMBER
ISBN 9781412927468
082 ## - DEWEY DECIMAL CLASSIFICATION NUMBER
Classification number 302.3 REE
100 ## - MAIN ENTRY--AUTHOR NAME
Author name Reed, Jan
245 ## - TITLE STATEMENT
Title Appreciative Inquiry: Research for Change
260 ## - PUBLICATION, DISTRIBUTION, ETC. (IMPRINT)
Place of publication New Delhi
Name of publisher Sage Publications
Year of publication 2007
300 ## - PHYSICAL DESCRIPTION
Number of Pages 219
650 ## - SUBJECT ADDED ENTRY--TOPICAL TERM
Topical Term Social Change
942 ## - ADDED ENTRY ELEMENTS (KOHA)
Koha item type Books
Holdings
Home library Current library Shelving location Date acquired Source of acquisition Cost, normal purchase price Full call number Accession Number Koha item type
Henry Martyn Institute Library Henry Martyn Institute Library General stacks 08/21/2018 Kohinoor Book Distributors 2995.00 302.3 REE 25518 Books
                   Copyright © 2026 | Henry Martyn Institute | Hyderabad | TS-500052 | INDIA | Implemented by hmi.edu.in
Hit-Count:

Powered by Koha